000 00332nam a2200133Ia 4500
008 230818s2007 xx 000 0 und d
041 _aeng
100 _aRutther ford
245 _aHotel Management and Operations
260 _bJohn Willey & Sons
_c2007
300 _a478p
520 _aReference Copy
999 _c852659
_d852659
650 _aFood Production